[Event "Olympiad-42"]
[Site "Baku"]
[Date "2016.09.04"]
[Round "3.2"]
[White "Capo Vidal, Uriel"]
[Black "Mosutha, Thuso"]
[Result "1-0"]
[WhiteElo "2314"]
[BlackElo "1930"]
[PlyCount "71"]
[EventDate "2016.09.02"]
[EventType "team-swiss"]
[EventRounds "11"]
[EventCountry "AZE"]
[SourceTitle "CBM 175"]
[Source "ChessBase"]
[SourceDate "2016.11.10"]
[SourceVersion "1"]
[SourceVersionDate "2016.11.10"]
[SourceQuality "1"]
[WhiteTeam "Mexico"]
[BlackTeam "Botswana"]
[WhiteTeamCountry "MEX"]
[BlackTeamCountry "BOT"]

1. d4 Nf6 2. Nf3 g6 3. c3 Bg7 4. Bf4 0-0 5. Nbd2 d6 6. e4 c5 7. dxc5 dxc5 8. Bc4 Nc6 9. Qe2 a6 10. 0-0 b5 11. Bb3 c4 12. Bc2 Qe8 13. a4 Bg4 14. h3 Bxf3 15. Nxf3 Nd7 16. e5 Nc5 17. Nd4 Na5 18. axb5 axb5 19. Qe3 Ncb3 20. Rad1 e6 21. Bh6 Rb8 22. Nf3 Qe7 23. Bg5 Qc5 24. Qf4 Rb7 25. Bf6 Re8 26. Ng5 Bh6 27. Rd6 Bf8 28. Ne4 Qc8 29. Rfd1 Nc6 30. Bg5 f5 31. Nf6+ Kh8 32. Nxe8 Qxe8 33. Rd8 Qf7 34. Bh6 Rb8 35. Rxb8 Nxb8 36. Rd8 1-0

[Event "Olympiad-42"]
[Site "Baku"]
[Date "2016.09.03"]
[Round "2.1"]
[White "Mosutha, Thuso"]
[Black "Tapia Ostolaza, Alexei"]
[Result "1/2-1/2"]
[WhiteElo "1930"]
[BlackElo "2183"]
[PlyCount "192"]
[EventDate "2016.09.02"]
[EventType "team-swiss"]
[EventRounds "11"]
[EventCountry "AZE"]
[SourceTitle "CBM 175"]
[Source "ChessBase"]
[SourceDate "2016.11.10"]
[SourceVersion "1"]
[SourceVersionDate "2016.11.10"]
[SourceQuality "1"]
[WhiteTeam "Botswana"]
[BlackTeam "Panama"]
[WhiteTeamCountry "BOT"]
[BlackTeamCountry "PAN"]

1. e4 c5 2. Nf3 e6 3. d4 cxd4 4. Nxd4 Nc6 5. Nxc6 bxc6 6. Bd3 d5 7. 0-0 Nf6 8. Qe2 Be7 9. c4 0-0 10. Nc3 d4 11. Na4 e5 12. f4 Nd7 13. Bd2 Re8 14. b3 exf4 15. Bxf4 Bf6 16. Rae1 Ne5 17. Bb1 Qe7 18. Nb2 Bg4 19. Qd2 Bh5 20. Nd3 Bg6 21. Bxe5 Bxe5 22. Nxe5 Qxe5 23. Qf4 a5 24. Qxe5 Rxe5 25. Rf4 Rae8 26. g4 c5 27. Kf2 f6 28. Re2 Kf7 29. h4 Ke6 30. h5 Bf7 31. Kg3 h6 32. Ref2 Kd6 33. Rf5 Be6 34. Rxe5 Kxe5 35. Bd3 Ra8 36. Rb2 Bd7 37. a4 Rb8 38. Rb1 g6 39. hxg6 Rg8 40. Rh1 Rxg6 41. Be2 Kxe4 42. Bf3+ Kd3 43. Kf4 Kc3 44. Rh5 Kb4 45. Bd1 Be6 46. Rh2 d3 47. Rh3 Kc3 48. Be2 Kxb3 49. Rxd3+ Kxa4 50. Rd6 Bg8 51. Rb6 Rg7 52. Ke3 Re7+ 53. Kd2 Re4 54. Bd3 Rxg4 55. Kc3 Rg3 56. Kd2 h5 57. Rb5 Bxc4 58. Bxc4 h4 59. Rb1 h3 60. Bd3 c4 61. Bxc4 h2 62. Rh1 Rh3 63. Ke2 Kb4 64. Bd5 a4 65. Kf2 a3 66. Be6 Rh5 67. Kg3 Re5 68. Bf7 Re7 69. Bd5 Kc5 70. Ba2 Re3+ 71. Kf2 Rc3 72. Rxh2 Kd4 73. Rh4+ Ke5 74. Bf7 f5 75. Ra4 f4 76. Bg8 Kf5 77. Bc4 Kg5 78. Be2 Rb3 79. Bc4 Rh3 80. Ra5+ Kf6 81. Bf1 Rc3 82. Be2 Re3 83. Bf1 Ke6 84. Bc4+ Kd6 85. Rd5+ Kc6 86. Ra5 Rc3 87. Bf7 Kb6 88. Ra4 f3 89. Bd5 Kb5 90. Ra8 Kb4 91. Bxf3 Rc5 92. Rb8+ Kc3 93. Ra8 Kb2 94. Rb8+ Ka1 95. Bg4 a2 96. Be6 Rc2+ 1/2-1/2

[Event "Olympiad-42"]
[Site "Baku"]
[Date "2016.09.02"]
[Round "1.2"]
[White "Mosutha, Thuso"]
[Black "Maghsoodloo, Parham"]
[Result "0-1"]
[WhiteElo "1930"]
[BlackElo "2566"]
[PlyCount "86"]
[EventDate "2016.09.02"]
[EventType "team-swiss"]
[EventRounds "11"]
[EventCountry "AZE"]
[SourceTitle "CBM 175"]
[Source "ChessBase"]
[SourceDate "2016.11.10"]
[SourceVersion "1"]
[SourceVersionDate "2016.11.10"]
[SourceQuality "1"]
[WhiteTeam "Botswana"]
[BlackTeam "Iran"]
[WhiteTeamCountry "BOT"]
[BlackTeamCountry "IRI"]

1. e4 c5 2. Nf3 e6 3. d4 cxd4 4. Nxd4 a6 5. Bd3 Bc5 6. Nb3 Be7 7. Nc3 Nc6 8. 0-0 Nf6 9. Re1 d6 10. a4 0-0 11. a5 e5 12. Bc4 Be6 13. Bxe6 fxe6 14. Be3 Qe8 15. Bb6 Qf7 16. Qe2 Rac8 17. Rad1 d5 18. f4 exf4 19. exd5 exd5 20. Nd4 Bb4 21. Qe6 Nxa5 22. Qxf7+ Rxf7 23. Ne6 Nc4 24. Bd4 Nxb2 25. Rb1 Bxc3 26. Bxc3 Rxc3 27. Rxb2 Re7 28. Kf1 Ne4 29. Nd4 Kf7 30. Rd1 Rc4 31. Ne2 Nf6 32. Rdb1 b5 33. Ra1 Ng4 34. Rxa6 Nxh2+ 35. Kf2 Ng4+ 36. Kf1 Ne3+ 37. Kg1 Nxg2 38. Kxg2 Rxe2+ 39. Kf3 Re3+ 40. Kf2 b4 41. Rb6 g5 42. Ra2 Ra3 43. Rb2 Rac3 0-1

[Event "African-ch op"]
[Site "Maputo"]
[Date "2015.08.08"]
[Round "8.1"]
[White "Mosutha, Thuso"]
[Black "Sande, Avertino"]
[Result "1-0"]
[WhiteElo "1889"]
[BlackElo "1759"]
[PlyCount "105"]
[EventDate "2015.07.31"]
[EventType "swiss"]
[EventRounds "9"]
[EventCountry "MOZ"]
[SourceTitle "EXT 2024"]
[Source "ChessBase"]
[SourceDate "2023.10.10"]
[SourceVersion "1"]
[SourceVersionDate "2023.10.10"]
[SourceQuality "1"]

1. e4 e5 2. Nf3 Nc6 3. Bc4 Bc5 4. 0-0 Nf6 5. d4 Nxd4 6. Nxe5 0-0 7. Be3 Ne6 8. Bxe6 Bxe3 9. Bxf7+ Kh8 10. fxe3 d6 11. Ng6+ hxg6 12. Bxg6 Bg4 13. Qe1 Ng8 14. Rxf8 Qxf8 15. Qh4+ Nh6 16. h3 Be6 17. Nc3 Qf6 18. Qxf6 gxf6 19. Bh5 c6 20. Bf3 Nf7 21. Rd1 Rd8 22. Kf2 Ne5 23. g4 Kg7 24. b3 Kf7 25. Ne2 Ke7 26. Nf4 Bd7 27. Rg1 Rg8 28. Nd3 Ng6 29. Kg3 Rh8 30. Nf4 Ne5 31. Be2 Rg8 32. Kf2 Rh8 33. c4 Be8 34. g5 Bd7 35. g6 Be6 36. g7 Rg8 37. Nxe6 Kxe6 38. h4 Nf7 39. Rg6 Ne5 40. Rg1 Kf7 41. Bh5+ Ke7 42. Ke2 b6 43. Kd2 Nd7 44. Be2 Kf7 45. c5 Ne5 46. cxd6 Rxg7 47. Rxg7+ Kxg7 48. Bg4 Kf7 49. Bc8 Nf3+ 50. Kd3 Nxh4 51. Bg4 Kf8 52. Bh5 c5 53. Kc4 1-0

[Event "African-ch op"]
[Site "Maputo"]
[Date "2015.08.07"]
[Round "7.1"]
[White "Simon, Bokamoso"]
[Black "Mosutha, Thuso"]
[Result "0-1"]
[WhiteElo "1916"]
[BlackElo "1889"]
[PlyCount "76"]
[EventDate "2015.07.31"]
[EventType "swiss"]
[EventRounds "9"]
[EventCountry "MOZ"]
[SourceTitle "EXT 2024"]
[Source "ChessBase"]
[SourceDate "2023.10.10"]
[SourceVersion "1"]
[SourceVersionDate "2023.10.10"]
[SourceQuality "1"]

1. e4 c5 2. Nf3 Nc6 3. d4 cxd4 4. Nxd4 Nf6 5. Nc3 g6 6. Be3 Bg7 7. Bc4 0-0 8. f3 d6 9. Qd2 Bd7 10. 0-0-0 Rc8 11. Bb3 Ne5 12. Kb1 Nc4 13. Bxc4 Rxc4 14. b3 Rc8 15. e5 dxe5 16. Nde2 a6 17. Nd5 Nxd5 18. Qxd5 Bc6 19. Qxd8 Rfxd8 20. Bb6 Rxd1+ 21. Rxd1 Kf8 22. Rd8+ Rxd8 23. Bxd8 Ke8 24. Bb6 Kd7 25. Nc3 e6 26. h4 f5 27. h5 e4 28. Kb2 exf3 29. gxf3 Bxf3 30. hxg6 hxg6 31. Be3 Bf6 32. a4 g5 33. a5 f4 34. Bf2 g4 35. b4 Bd5 36. b5 g3 37. bxa6 bxa6 38. Bb6 f3 0-1